000 00342nam a2200145 i 4500
001 bg
100 1 _aKRUKOWSKI, A.
245 0 _aPołączenia odkształceniowe /
_cA. Krukowski, J. Tutaj.
260 _aWarszawa,
_c1987.
700 1 _aTUTAJ, J.
040 _cBPK
041 _apol
942 _cKS
008 s pl f |000 0 pol
999 _c3330
_d3330
856 _uhttp://koha.tu.koszalin.pl/cgi-bin/koha/opac-detail.pl?biblionumber=3330
_yKatalog online BPK